[Event "Titled Tue 24th Jun Late"]
[Site "chess.com INT"]
[Date "2025.06.24"]
[Round "10"]
[White "Marin Ferragut, Pau"]
[Black "Oluka Robert Mcligeyo"]
[Result "1-0"]
[WhiteTitle "FM"]
[BlackTitle "CM"]
[WhiteElo "2380"]
[BlackElo "2061"]
[WhiteFideId "54716020"]
[BlackFideId "10814647"]
[EventDate "2025.06.24"]

1. b3 d5 2. Bb2 Bg4 3. h3 Bh5 4. g4 Bg6 5. Nf3 Nd7 6. e3 e6 7. d3 Ngf6 8. Nbd2
c5 9. Ne5 Nxe5 10. Bxe5 Bd6 11. Bb2 Qe7 12. Bg2 O-O 13. Qe2 a5 14. a4 e5 15. g5
Nd7 16. h4 d4 17. Bxb7 Rab8 18. Bd5 Nb6 19. Bg2 c4 20. Nxc4 Nxc4 21. dxc4 Bb4+
22. Kf1 dxe3 23. fxe3 Rbd8 24. Bd5 Qd7 25. Kg2 Bf5 26. e4 Bg4 27. Qe3 Kh8 28.
Raf1 f5 29. Bxe5 fxe4 30. Qxe4 Rxf1 31. Kxf1 Rf8+ 32. Kg1 Bf3 33. Qd4 Bxh1 34.
Bxh1 Qf7 35. Bg2 Rc8 36. Kh1 Bc5 37. Qc3 Rd8 38. Kh2 Re8 39. Kh1 Qg6 40. Bd5 Bf8
41. Kg2 Qf5 42. Bg3 Qg4 43. Qd3 Re2+ 44. Kf1 Rh2 45. Bxh2 Qxh4 46. Kg2 Qh5 47.
Qf3 Qxg5+ 48. Bg3 Qf6 49. Qxf6 gxf6 50. Kf3 Bg7 51. Bc7 h5 52. Bxa5 Kh7 53. Be1
Kh6 54. a5 Kg5 55. a6 f5 56. a7 1-0

[Event "Titled Tue 24th Jun Late"]
[Site "chess.com INT"]
[Date "2025.06.24"]
[Round "10"]
[White "Leiva, Gianmarco"]
[Black "Tari, Aryan"]
[Result "1/2-1/2"]
[WhiteTitle "IM"]
[BlackTitle "GM"]
[WhiteElo "2387"]
[BlackElo "2636"]
[WhiteFideId "3804399"]
[BlackFideId "1510045"]
[EventDate "2025.06.24"]

1. e4 e5 2. Nf3 Nc6 3. Bc4 Nf6 4. d3 Bc5 5. O-O d6 6. c3 a5 7. h3 h6 8. Re1 O-O
9. Nbd2 Be6 10. Bb5 Bb6 11. Nf1 Ne7 12. Ng3 Nd7 13. Ba4 f5 14. d4 fxe4 15. Nxe4
d5 16. Ng3 e4 17. Nh2 Ng6 18. Qh5 Nf4 19. Bxf4 Rxf4 20. Bb3 Kh8 21. Bxd5 Nf6 22.
Qe5 Nxd5 23. Qxe6 c6 24. Rxe4 Rf6 25. Qg4 Bc7 26. Rae1 Qf8 27. Nf3 Nf4 28. Nh5
Nxh5 29. Qxh5 Rf5 30. Qg6 Rf6 31. Qh5 Rf5 32. Qg4 Rf7 33. Nh4 Qd6 34. Ng6+ Kh7
35. Ne5 Rf6 36. g3 Qd5 37. a3 a4 38. R1e2 b5 39. Nd3 Rg6 40. Qf3 Rf6 41. Qe3
Raf8 42. f4 Qh5 43. Nf2 Rg6 44. Kf1 Qd5 45. Re7 Bd6 46. Re6 Rff6 47. Rxf6 gxf6
48. Qe4 Qc4 49. Qf5 Kg7 50. Qd3 Qf7 51. Qf3 f5 52. h4 h5 53. Nd3 Kh6 54. Ne5
Bxe5 55. fxe5 Qe6 56. Qf4+ Kh7 57. Qf3 Rg4 58. Rf2 Kg6 59. Qe3 Qc4+ 60. Qe2 Qd5
61. Qf3 Qe6 62. Qe3 Qd5 63. Qf3 Qe6 1/2-1/2

[Event "Titled Tue 24th Jun Late"]
[Site "chess.com INT"]
[Date "2025.06.24"]
[Round "10"]
[White "Klys, Kacper"]
[Black "Fiorito, Fabian"]
[Result "1-0"]
[WhiteTitle "CM"]
[BlackTitle "IM"]
[WhiteElo "2218"]
[BlackElo "2274"]
[WhiteFideId "21005281"]
[BlackFideId "100200"]
[EventDate "2025.06.24"]

1. e4 c5 2. Nf3 d6 3. Bb5+ Bd7 4. Bxd7+ Nxd7 5. O-O Ngf6 6. Qe2 e6 7. d4 cxd4 8.
Nxd4 Be7 9. c4 O-O 10. b3 Re8 11. Bb2 Bf8 12. Nc3 a6 13. Rad1 Qc7 14. Kh1 g6 15.
Rfe1 Bg7 16. Rc1 Nh5 17. Red1 Ne5 18. g3 Rad8 19. f4 Nc6 20. Nxc6 Qxc6 21. Qg2
Nf6 22. Re1 Rc8 23. e5 dxe5 24. Qxc6 Rxc6 25. Rxe5 Rd8 26. Re2 b5 27. cxb5 axb5
28. Rec2 Rdc8 29. Rd2 Nd5 30. Ne2 Rxc1+ 31. Bxc1 b4 32. Kg2 h5 33. Bb2 Bc3 34.
Bxc3 bxc3 35. Rd3 c2 36. Nc1 Nb4 37. Rd2 Kg7 38. Rd4 Nd5 39. Kf2 Kf6 40. Ke2 h4
41. Rc4 Ra8 42. Rxc2 hxg3 43. hxg3 Nb4 44. Rd2 g5 45. Kf3 gxf4 46. gxf4 Rc8 47.
Ne2 Ra8 48. a4 Rh8 49. Kg3 Nd5 50. Nd4 Rh1 51. Rd3 Rg1+ 52. Kf2 Ra1 53. Ne2 Nb4
54. Rd4 Nd5 55. Rc4 Rb1 56. Nd4 Rb2+ 57. Rc2 Rb1 58. Kf3 Rf1+ 59. Rf2 Rd1 60.
Nc2 Rb1 61. Nd4 Rd1 62. Ne2 Rd2 63. Ke4 Rb2 64. Nd4 1-0

[Event "Titled Tue 24th Jun Late"]
[Site "chess.com INT"]
[Date "2025.06.24"]
[Round "10"]
[White "Zhigalko, Sergei"]
[Black "Gelman, Alexander"]
[Result "1-0"]
[WhiteTitle "GM"]
[BlackTitle "IM"]
[WhiteElo "2572"]
[BlackElo "2403"]
[WhiteFideId "13502956"]
[BlackFideId "4118316"]
[EventDate "2025.06.24"]

1. e4 e5 2. Nf3 d6 3. d4 exd4 4. Qxd4 Nc6 5. Bb5 Bd7 6. Bxc6 Bxc6 7. Nc3 Nf6 8.
Bg5 Be7 9. O-O-O O-O 10. Rhe1 Re8 11. Kb1 h6 12. Bh4 Ng4 13. Bxe7 Qxe7 14. Qd2
Qf6 15. h3 Ne5 16. Nd4 Re7 17. f4 Ng6 18. g3 Rae8 19. Qd3 h5 20. h4 Rd7 21. Qf3
Rde7 22. Nxc6 bxc6 23. Qxh5 Rb8 24. Rd3 Ree8 25. Qg5 Qxg5 26. hxg5 Rb4 27. a3
Rc4 28. b3 Rc5 29. Kb2 Rb8 30. Rh1 Nf8 31. Rd2 f6 32. gxf6 gxf6 33. Rdh2 Kf7 34.
Rh8 Kg7 35. g4 d5 36. exd5 cxd5 37. Ne2 Re8 38. Ng3 Kf7 39. R1h6 Re3 40. Rh3 d4
41. Nf5 Re2 42. Nxd4 Rd2 43. Rd3 Rcxc2+ 44. Nxc2 Rxd3 45. Nb4 Rf3 46. f5 Rf4 47.
Rh4 Nd7 48. Nd3 Rf3 49. Kc2 Ke7 50. Rh7+ Kd6 51. Rg7 Rg3 52. Kd2 c5 53. a4 Ne5
54. Nxe5 Kxe5 55. Kc2 a5 56. Rc7 Kd4 57. Rd7+ Ke5 58. Ra7 Kd4 59. Rd7+ Ke5 60.
Rg7 Kd4 61. Kb2 Rg2+ 62. Ka3 Rg3 63. Rd7+ Kc3 64. Rd5 c4 65. Rxa5 cxb3 66. Rc5+
Kd2 67. a5 1-0

[Event "Titled Tue 24th Jun Late"]
[Site "chess.com INT"]
[Date "2025.06.24"]
[Round "10"]
[White "Cornelisse, Lorelei"]
[Black "Beyer, Lorenz"]
[Result "1-0"]
[WhiteTitle "WFM"]
[BlackTitle "CM"]
[WhiteElo "2138"]
[BlackElo "2226"]
[WhiteFideId "1087177"]
[BlackFideId "16245393"]
[EventDate "2025.06.24"]

1. d4 e6 2. e4 d5 3. Nd2 c5 4. Ngf3 cxd4 5. Nxd4 Nc6 6. Bb5 Bd7 7. Bxc6 bxc6 8.
O-O Qc7 9. c3 Nf6 10. exd5 cxd5 11. a4 Bd6 12. h3 O-O 13. N2f3 e5 14. Nb5 Bxb5
15. axb5 Qc4 16. Re1 Rfe8 17. Ra6 Bc7 18. Rc6 Qxb5 19. Rxc7 Qb6 20. Rxf7 Kxf7
21. Nxe5+ Kg8 22. Bg5 Ne4 23. Qxd5+ Qe6 24. Qxe6+ Rxe6 25. Rxe4 Rb6 26. b4 a5
27. Nc4 Rb5 28. Bd2 axb4 29. cxb4 Rd8 30. Bc3 Rd3 31. Re7 Rxc3 32. Re8+ Kf7 33.
Nd6+ Kf6 34. Nxb5 Rb3 35. Re6+ Kf7 36. Re4 Rb1+ 37. Kh2 Kf6 38. f3 g5 39. Nc3
Rb3 40. Nd5+ Kf5 41. Ne3+ Kf6 42. Kg3 h5 43. Kh2 Kg6 44. Re6+ Kf7 45. Re5 Kf6
46. Rf5+ Kg6 47. Re5 Kf6 48. Re4 Kg6 49. Kg1 Kf6 50. Nd5+ Kf5 51. g4+ Kg6 52.
Re6+ Kf7 53. Rf6+ Kg7 54. gxh5 Rd3 55. h6+ Kh7 56. Rd6 Rxf3 57. Kg2 Rb3 58. Rb6
Kg8 59. Rb7 g4 60. Nf6+ Kf8 61. h7 Rxh3 62. Nxg4 Rh4 63. Nf6 Rh6 64. Rb8+ Kf7
65. h8=Q Rg6+ 66. Kf3 Rxf6+ 67. Qxf6+ Kxf6 68. Rb5 Ke6 69. Rc5 Kd6 70. Rc1 Kd5
71. Ke2 Kd6 72. Kd1 Kd5 73. Rc2 Kd4 74. Kc1 Kd3 75. Kb2 Kd4 76. Rc1 Kd5 77. b5
Kd4 78. b6 Kd5 79. b7 Kd4 80. Kb3 Kd5 81. Kb4 Kd4 82. Kb5 Kd5 83. Kb6 Ke4 84.
Rc2 Kd3 85. Rc3+ Kd2 86. Rc4 Kd3 87. Rc5 Kd4 88. Rc6 Kd5 89. b8=Q Kd4 90. Qc8
Kd5 91. Qd7+ 1-0

[Event "Titled Tue 24th Jun Late"]
[Site "chess.com INT"]
[Date "2025.06.24"]
[Round "10"]
[White "Povshednyi, Ivan"]
[Black "Yanev, Tihomir"]
[Result "1/2-1/2"]
[WhiteTitle "FM"]
[BlackTitle "IM"]
[WhiteElo "2309"]
[BlackElo "2354"]
[WhiteFideId "14190907"]
[BlackFideId "2910110"]
[EventDate "2025.06.24"]

1. Nf3 d6 2. d4 Nf6 3. g3 g6 4. Bg2 Bg7 5. O-O O-O 6. Re1 c5 7. dxc5 dxc5 8. c3
Nc6 9. Be3 Qb6 10. Qc1 Ng4 11. Bd2 c4 12. Rf1 Bf5 13. h3 Nf6 14. Na3 Qa6 15. Bh6
Rfd8 16. Bxg7 Kxg7 17. Nc2 Be4 18. Ne3 b5 19. Rd1 Qb6 20. Ng5 Bxg2 21. Kxg2 Qc5
22. Nf3 Ne4 23. Qc2 f5 24. Rxd8 Rxd8 25. Rd1 Rd6 26. Rxd6 Qxd6 27. b3 cxb3 28.
axb3 a5 29. c4 b4 30. Nd5 e6 31. Qb2+ Kf7 32. Nf4 Nc3 33. Qc2 h6 34. h4 e5 35.
Nd5 e4 36. Nd2 Nxd5 37. cxd5 Qxd5 38. e3 g5 39. hxg5 hxg5 40. Nc4 Kg6 41. Qc1 f4
42. gxf4 gxf4 43. exf4 e3+ 44. f3 e2 45. Qc2+ Kf6 46. Qxe2 Nd4 47. Qe3 a4 48.
Ne5 Nf5 49. Qb6+ Nd6 50. Qxb4 axb3 51. Nd7+ Ke7 52. Nc5 b2 53. Qxb2 Qxc5 54.
Qg7+ Kd8 55. Qf8+ Kd7 56. Qg7+ Kc6 57. Qe5 Qc2+ 58. Kg3 Qg6+ 59. Qg5 Qf5 60.
Qxf5 Nxf5+ 61. Kg4 Ne3+ 62. Kg5 Kd6 63. f5 Ke5 64. f6 Ke6 65. Kg6 Nf5 66. f7
Ne7+ 67. Kg7 Nf5+ 68. Kg6 Ne7+ 69. Kg7 Nf5+ 70. Kg8 Nh6+ 71. Kg7 Nxf7 72. f4 Nd6
73. f5+ Nxf5+ 1/2-1/2

[Event "Titled Tue 24th Jun Late"]
[Site "chess.com INT"]
[Date "2025.06.24"]
[Round "10"]
[White "Li, Yilin"]
[Black "Romany, Joy"]
[Result "1/2-1/2"]
[WhiteTitle "WFM"]
[BlackTitle "WIM"]
[WhiteElo "1922"]
[BlackElo "1960"]
[WhiteFideId "8610410"]
[BlackFideId "10656820"]
[EventDate "2025.06.24"]

1. e4 e5 2. Nf3 Nc6 3. Bb5 a6 4. Ba4 Nf6 5. O-O d6 6. Re1 b5 7. Bb3 Be7 8. c3
O-O 9. h3 Be6 10. Bc2 Bc8 11. d4 Re8 12. Nbd2 Bf8 13. Nf1 Bb7 14. Ng3 b4 15. d5
Ne7 16. cxb4 c6 17. dxc6 Nxc6 18. a3 Qc7 19. Bb3 Rad8 20. Ng5 Re7 21. Nf5 Red7
22. Be3 h6 23. Nf3 Nxe4 24. Bxh6 d5 25. Bg5 Ne7 26. Nxe7+ Bxe7 27. Bxe7 Rxe7 28.
Rc1 Qb8 29. Qe2 d4 30. Bc2 f5 31. Nd2 Nxd2 32. Qxd2 e4 33. Bb3+ Bd5 34. Bxd5+
Rxd5 35. Rc4 Qd8 36. Rd1 Red7 37. Rc5 Rxc5 38. bxc5 d3 39. b4 Rd4 40. Qc3 Rd5
41. Qc4 Kf8 42. c6 Rd6 43. c7 Qc8 44. a4 Rd7 45. Qc5+ Kg8 46. Qxf5 Rxc7 47.
Qxc8+ Rxc8 48. f3 Rb8 49. b5 axb5 50. axb5 Rxb5 51. fxe4 Rb3 52. Kf2 Kf7 53. Ke3
Rb2 54. g4 Rh2 55. Kf4 Rxh3 56. Kg5 Re3 57. Kf4 Rh3 58. e5 Ke6 59. Ke4 Rg3 60.
Rxd3 Rxd3 61. Kxd3 Kxe5 62. Ke3 g5 63. Kd3 Kf6 64. Ke3 Kg6 65. Ke4 Kg7 66. Ke5
Kh6 67. Kf5 Kh7 68. Kxg5 Kg7 69. Kf5 Kf7 70. g5 Kg7 71. g6 Kg8 72. Kg5 Kg7 73.
Kf5 Kg8 74. Kf6 Kf8 75. Kf5 Kg7 76. Kg5 Kg8 77. Kh6 Kh8 78. g7+ Kg8 79. Kg6 1/2-1/2

[Event "Titled Tue 24th Jun Late"]
[Site "chess.com INT"]
[Date "2025.06.24"]
[Round "10"]
[White "Rojas Alarcon, Julian Antonio"]
[Black "Kourkoulos-Arditis, Stamatis"]
[Result "0-1"]
[WhiteTitle "FM"]
[BlackTitle "GM"]
[WhiteElo "2365"]
[BlackElo "2580"]
[WhiteFideId "5107407"]
[BlackFideId "4221990"]
[EventDate "2025.06.24"]

1. c4 e6 2. Nf3 d5 3. d4 a6 4. cxd5 exd5 5. Nc3 h6 6. Bf4 Nf6 7. e3 Bd6 8. Bg3
O-O 9. Qc2 Re8 10. Bd3 Nc6 11. a3 Bg4 12. O-O Bxf3 13. gxf3 Na7 14. Rfe1 c6 15.
Na4 Nb5 16. Nc5 Bxg3 17. hxg3 Nd6 18. Rac1 Re7 19. Kg2 g6 20. Bxg6 fxg6 21.
Qxg6+ Rg7 22. Qxg7+ Kxg7 23. Ne6+ Kg6 24. Nxd8 Rxd8 25. a4 h5 26. b3 Kf5 27. Rc5
Rg8 28. e4+ Ke6 29. e5 Nf5 30. exf6+ Kxf6 31. Rc3 Nxd4 32. b4 h4 33. Rd3 Ne6 34.
Kh2 Rh8 35. g4 Rd8 36. Rde3 Nf4 37. Re7 d4 38. R7e4 Nd3 39. Rd1 Ne5 40. f4 Nxg4+
41. Kg2 d3 42. Rd2 Kf5 43. Rc4 Nf6 44. Kf3 h3 45. Rc5+ Nd5 46. Rxd3 Rh8 47. Rd1
h2 48. Rcc1 Rh3+ 49. Kg2 Nxf4+ 50. Kh1 Rb3 51. b5 axb5 52. axb5 Rxb5 53. Kxh2
Rb2 54. Kg3 Ne2+ 55. Kf3 Nxc1 56. Rxc1 Rb3+ 57. Ke2 Ke4 58. Rc4+ Kd5 59. Rh4 b5
60. Rh5+ Kd4 61. Rh4+ Kc5 62. Rh5+ Kb6 63. f4 Rb2+ 64. Ke3 Rb1 65. Ke2 Rb2+ 66.
Ke3 Rb1 67. Ke2 b4 68. f5 Ra1 69. f6 Ra7 70. f7 Rxf7 71. Kd3 Rf4 72. Kc2 c5 73.
Rh8 Kb5 74. Kb3 Rf3+ 75. Ka2 Kc4 76. Rh5 Rf2+ 77. Kb1 Kd4 78. Rh4+ Kc3 79. Rh3+
Kc4 80. Rh4+ Kb5 81. Rh5 b3 82. Rh4 c4 83. Rh8 Kb4 84. Rg8 Rf1+ 85. Kb2 c3# 0-1

[Event "Titled Tue 24th Jun Late"]
[Site "chess.com INT"]
[Date "2025.06.24"]
[Round "10"]
[White "Brady, Tyson"]
[Black "Przybylski, Wojciech"]
[Result "0-1"]
[WhiteTitle "CM"]
[BlackTitle "FM"]
[WhiteElo "2170"]
[BlackElo "2340"]
[WhiteFideId "30970369"]
[BlackFideId "1117599"]
[EventDate "2025.06.24"]

1. Nf3 Nf6 2. c4 e6 3. g3 d5 4. Bg2 Be7 5. O-O O-O 6. b3 a5 7. Bb2 a4 8. d3 a3
9. Bc3 c6 10. Nbd2 b5 11. cxb5 cxb5 12. Rc1 b4 13. Bd4 Ba6 14. Ne5 Nfd7 15. Ndf3
f6 16. Nxd7 Nxd7 17. Ba1 e5 18. Nh4 Bb7 19. Nf5 Nb6 20. f4 Bd6 21. Nxd6 Qxd6 22.
Qd2 h6 23. e3 Rac8 24. Rxc8 Rxc8 25. Rc1 Rd8 26. fxe5 fxe5 27. d4 e4 28. Rc5 Nd7
29. Rb5 Bc6 30. Rxb4 Rf8 31. Bc3 Qf6 32. Qe2 Kh7 33. Be1 Qg5 34. h4 Qe7 35. Qc2
Rf6 36. g4 Rg6 37. Qd1 Nf6 38. Rb6 Bd7 39. g5 hxg5 40. h5 Rh6 41. Bb4 Qf7 42.
Rb7 g4 43. Qf1 Qxh5 44. Qf4 Qh4 45. Bd2 g3 46. Qxh4 Rxh4 47. Be1 Rg4 48. Kf1 Rg5
49. Ke2 Bg4+ 50. Kf1 Bf3 51. Kg1 Rf5 52. Bh3 Rg5 53. Bg2 Ng4 54. Rb5 Rf5 55. Bh3
Rg5 56. Bxg3 Nxe3 57. Kh2 Nf5 58. Bxf5+ Rxf5 59. Kg1 e3 60. Rb8 Be4 61. Re8 e2
62. Kh2 Rf1 63. Kh3 Rh1+ 64. Kg4 e1=Q 65. Bxe1 Rxe1 66. Ra8 Re2 67. Rxa3 Bb1 68.
Ra4 Bxa2 69. b4 Bc4 70. Ra7 Re4+ 71. Kf5 Rxd4 72. Rc7 Rd3 73. Rb7 Re3 74. b5 Rb3
75. b6 Ba6 76. Rb8 d4 77. Ke4 d3 78. Ke3 Rb2 79. Ra8 Rxb6 80. Kd2 Re6 81. Rd8
Rf6 82. Kc3 Rg6 83. Rd4 Rc6+ 84. Kd2 Rc2+ 85. Kd1 Rg2 86. Rh4+ Kg6 87. Ra4 Bc8
88. Rc4 Bf5 89. Rd4 Kg5 90. Ke1 g6 91. Kd1 Ra2 92. Kc1 d2+ 93. Kd1 Bg4+ 0-1

[Event "Titled Tue 24th Jun Late"]
[Site "chess.com INT"]
[Date "2025.06.24"]
[Round "10"]
[White "Niemann, Hans Moke"]
[Black "Sjugirov, Sanan"]
[Result "1-0"]
[WhiteTitle "GM"]
[BlackTitle "GM"]
[WhiteElo "2736"]
[BlackElo "2635"]
[WhiteFideId "2093596"]
[BlackFideId "4189302"]
[EventDate "2025.06.24"]

1. e4 c6 2. Nf3 d5 3. d3 Qc7 4. Nc3 dxe4 5. dxe4 Nd7 6. Qe2 e5 7. g3 Ngf6 8. Bg2
b5 9. O-O a5 10. Nd1 b4 11. Ne1 Ba6 12. Nd3 Nc5 13. f4 Nxd3 14. cxd3 Rd8 15. Nf2
Bc5 16. Be3 Bxe3 17. Qxe3 O-O 18. Rac1 Rfe8 19. Rfd1 exf4 20. Qxf4 Qb6 21. Kh1
Bb5 22. h4 Qd4 23. b3 a4 24. Rc2 axb3 25. axb3 Ra8 26. e5 Qxe5 27. Qxe5 Rxe5 28.
Bxc6 Bxc6+ 29. Rxc6 Re2 30. Kg2 h5 31. Kf3 Raa2 32. Nh3 Ng4 33. Kf4 f6 34. Rc5
Ne5 35. d4 Ng6+ 36. Kf3 Reb2 37. Rd3 Ra3 38. Rxh5 Rbxb3 39. Rxb3 Rxb3+ 40. Kf2
Rc3 41. Rb5 b3 42. h5 Ne7 43. Nf4 Nc6 44. d5 Ne5 45. Rb8+ Kh7 46. d6 Rc2+ 47.
Ke3 Rc3+ 48. Ke4 Rxg3 49. Ng6 Nf7 50. d7 Rg4+ 51. Kd5 Rg1 52. Ke6 Ng5+ 53. Kf5
Rf1+ 54. Kg4 Nf7 55. Rh8+ Nxh8 56. d8=Q Nf7 57. Nf8+ Kh6 58. Qd2+ g5 59. hxg6+
Ng5 60. Qg2 Re1 61. Qh2+ Kg7 62. Nh7 Re4+ 63. Kh5 Ne6 64. Nxf6 Kxf6 65. Qf2+ Rf4
66. Qb2+ Kf5 67. g7 Rg4 68. Qf2+ Nf4+ 69. Kh6 Rg6+ 70. Kh7 Rg5 71. g8=Q Rxg8 72.
Kxg8 Ke4 73. Qb2 Nd5 74. Qxb3 Ke5 75. Kf7 Nf4 76. Qc3+ Kf5 77. Qc5+ Ke4 78. Kf6
Nd5+ 79. Ke6 Nf4+ 80. Kd6 Nd3 81. Qc4+ Ke3 82. Qg4 Nf2 83. Qg3+ Ke2 84. Kd5 Nd3
85. Kd4 Nf2 86. Qg2 Ke1 87. Ke3 Nd1+ 88. Kf3 Nc3 89. Qc2 Nd1 90. Qe2# 1-0

[Event "Titled Tue 24th Jun Late"]
[Site "chess.com INT"]
[Date "2025.06.24"]
[Round "10"]
[White "Mkrtchyan, Mariam"]
[Black "Melillo, Lucius"]
[Result "1/2-1/2"]
[WhiteTitle "WIM"]
[BlackTitle "FM"]
[WhiteElo "2307"]
[BlackElo "2170"]
[WhiteFideId "13310828"]
[BlackFideId "30958245"]
[EventDate "2025.06.24"]

1. Nf3 g6 2. d4 Bg7 3. c4 Nf6 4. g3 c6 5. Bg2 d5 6. cxd5 cxd5 7. Nc3 O-O 8. Ne5
Ng4 9. Nxg4 Bxg4 10. Nxd5 Nc6 11. h3 Be6 12. Nf4 Qxd4 13. O-O Bc4 14. Bxc6 bxc6
15. Qc2 Ba6 16. Rd1 Qb6 17. Rb1 e5 18. Nd3 Qb5 19. Be3 Rfd8 20. Rd2 e4 21. Nc5
Rxd2 22. Qxd2 Qxe2 23. Nxa6 Qxa6 24. b3 Qb7 25. Rd1 a5 26. Qc2 a4 27. Qxe4 axb3
28. axb3 Qxb3 29. Rc1 Rc8 30. Rxc6 Rxc6 31. Qxc6 Qd1+ 32. Kg2 h5 33. Qe8+ Bf8
34. Bh6 Qd5+ 35. Kh2 Qd6 36. h4 Qc5 37. Kg2 Qd5+ 38. Kh2 Qc5 39. Kg1 Qe7 40.
Qxe7 Bxe7 41. Bf4 Bf6 42. Be3 Kf8 43. Kg2 Ke7 44. Kf3 Ke6 45. Ke4 Be7 46. Bd4
f5+ 47. Kd3 Kd5 48. Be3 Bf6 49. Ke2 Ke4 50. f3+ Kd5 51. Kd3 Be5 52. Bf2 Bd6 53.
Kc3 Bc7 54. Kd3 Be5 55. Be1 Bd6 56. Bf2 Bc5 57. Be1 Bg1 58. Bd2 Bf2 59. Bf4 Be1
60. Ke2 Bc3 61. Kd3 Be1 62. Ke2 Ba5 63. Kd3 Bb4 64. Bc7 Bc5 65. Bf4 Be7 66. Bc7
g5 67. hxg5 Bxg5 68. Bb8 Bf6 69. Bc7 Be7 70. Bf4 Bd8 71. Bb8 Bf6 72. Bf4 Be7 73.
Bc7 Bg5 74. Bb8 f4 75. gxf4 Bf6 76. f5 h4 77. Ke2 Be5 78. Bxe5 Kxe5 79. Kf1 Kxf5
80. Kg2 Kf4 81. Kh3 Kg5 82. f4+ Kxf4 83. Kxh4 1/2-1/2

[Event "Titled Tue 24th Jun Late"]
[Site "chess.com INT"]
[Date "2025.06.24"]
[Round "10"]
[White "Swara Lakshmi S Nair"]
[Black "Bezuch, Martin"]
[Result "1/2-1/2"]
[WhiteTitle "WCM"]
[BlackTitle "FM"]
[WhiteElo "2187"]
[BlackElo "2238"]
[WhiteFideId "25629239"]
[BlackFideId "14906333"]
[EventDate "2025.06.24"]

1. e4 g6 2. d4 Bg7 3. Nc3 d6 4. Be3 a6 5. Qd2 b5 6. a3 Bb7 7. Bd3 Nd7 8. O-O-O
Rc8 9. Nf3 c5 10. dxc5 Nxc5 11. e5 Nxd3+ 12. Qxd3 Bxf3 13. gxf3 dxe5 14. Qxd8+
Rxd8 15. Rxd8+ Kxd8 16. Rd1+ Kc8 17. Nd5 Kd7 18. Bc5 Kc6 19. Bxe7 f5 20. Bb4 Nf6
21. Ne7+ Kc7 22. Ba5+ Kb7 23. Rd6 Re8 24. Nd5 Nxd5 25. Rxd5 Kc6 26. Rd1 Bh6+ 27.
Kb1 Bf4 28. Bb4 e4 29. fxe4 fxe4 30. h4 Re6 31. c4 bxc4 32. Rd4 Kb5 33. Kc2 e3
34. Rd5+ Kc6 35. Rc5+ Kb6 36. fxe3 Rxe3 37. Rxc4 Bb8 38. Bc5+ Kb5 39. Bxe3 Kxc4
40. Bg5 Bg3 41. b3+ Kd4 42. a4 Bd6 43. Bf6+ Kd5 44. Kc3 Bf8 45. b4 Ke6 46. Bd8
Kd5 47. Bf6 Ke6 48. Bd8 Kd5 49. Kb3 Bd6 50. Bg5 Bg3 51. b5 axb5 52. axb5 Kc5 53.
Ka4 Kb6 54. Bd8+ Kb7 55. Be7 Bf4 56. Ka5 Bd2+ 57. Ka4 Bf4 58. Kb3 Bg3 59. Kc4
Bf2 60. Bf6 h6 61. Bd8 Be3 62. Kd5 g5 63. hxg5 hxg5 64. Bxg5 Bxg5 65. Kc4 Bd8
66. Kd5 Bb6 67. Kd6 Ba7 68. Kd7 Bb8 69. b6 Bg3 70. Kd8 Bh2 71. Ke8 Bg1 72. Kd7
Bf2 73. Ke6 Be1 74. Kd5 Bd2 75. Kc4 Bc1 76. Kb5 Bb2 77. Kc5 Ba1 78. Kb5 Bb2 79.
Kc4 Bc1 80. Kb3 Bd2 81. Ka2 Be1 82. Kb1 Bf2 83. Kc2 Bg1 84. Kd3 Bh2 85. Ke4 Bg3
86. Kf3 Bh2 87. Kf2 Bd6 88. Kg2 Bc5 89. Kh3 Bf8 90. Kh4 Bh6 91. Kh5 Bf8 92. Kg6
Bc5 93. Kf7 Bd6 94. Ke6 Bc5 95. Kd5 Bb4 96. Kc4 Bc3 97. Kxc3 Kxb6 1/2-1/2

[Event "Titled Tue 24th Jun Late"]
[Site "chess.com INT"]
[Date "2025.06.24"]
[Round "10"]
[White "Avramidou, Anastasia"]
[Black "Da Silva Borges, Rodrigo"]
[Result "1-0"]
[WhiteTitle "FM"]
[WhiteElo "2294"]
[BlackElo "2169"]
[WhiteFideId "4239873"]
[BlackFideId "2115778"]
[EventDate "2025.06.24"]

1. Nf3 d5 2. d3 Nf6 3. Nbd2 c5 4. g3 Nc6 5. Bg2 e6 6. O-O Be7 7. e4 h6 8. exd5
Nxd5 9. Re1 O-O 10. Nc4 b6 11. Ne3 Nxe3 12. Bxe3 Bb7 13. Ne5 Qc8 14. Nxc6 Bxc6
15. Qg4 Bf6 16. c3 Bxg2 17. Kxg2 Qc6+ 18. Qe4 Rac8 19. Rad1 Rfd8 20. f3 Rd7 21.
Kf2 Qb5 22. Rd2 Rcd8 23. Red1 Be7 24. Ke2 Qa6 25. a3 b5 26. c4 Qb6 27. cxb5 Qxb5
28. Qc4 Qb7 29. Bxc5 Bxc5 30. Qxc5 Rd4 31. b4 R8d5 32. Qc3 Re5+ 33. Kf2 Qd5 34.
Re2 Rf5 35. Re3 g5 36. h3 h5 37. Rf1 h4 38. g4 Rf6 39. Kg2 Qd6 40. Kf2 Qg3+ 41.
Ke2 Rdf4 42. Rf2 Qxh3 43. Qe5 Qg3 44. Qxg5+ Kf8 45. Qc5+ Kg7 46. Qc3 Kg6 47. d4
h3 48. Qd3+ Kg7 49. Qd1 Rxg4 50. Qh1 Rxd4 51. Rf1 Qd6 52. Qg1+ Kf8 53. Re1 Rd2+
54. Kf1 h2 55. Qh1 Qg3 56. R3e2 Rxe2 57. Kxe2 Rxf3 58. Qxf3 Qe5+ 59. Qe3 Qh5+
60. Qf3 h1=Q 61. Rxh1 Qe5+ 62. Kf2 Qd4+ 63. Kg2 Qd2+ 64. Qf2 Qg5+ 65. Qg3 Qd2+
66. Kh3 Qh6+ 67. Qh4 Qe3+ 68. Kh2 Qd2+ 69. Kg1 Qc1+ 70. Kg2 Qd2+ 71. Qf2 Qg5+
72. Kf1 Qc1+ 73. Qe1 Qf4+ 74. Ke2 Qe4+ 75. Kd2 Qd4+ 76. Kc2 Qc4+ 77. Kb2 Qd5 78.
Rh4 e5 79. Re4 f6 80. Re2 Qd4+ 81. Qc3 Qg4 82. Qc5+ Kg7 83. Rc2 Qf5 84. Qxa7+
Kg6 85. Qc5 Qe4 86. Qc3 Qd5 87. Qb3 Qe4 88. Ka2 f5 89. b5 Kf6 90. b6 f4 91. b7
Qxb7 92. Qxb7 f3 93. Qxf3+ Ke6 94. Qe2 1-0

[Event "Titled Tue 24th Jun Late"]
[Site "chess.com INT"]
[Date "2025.06.24"]
[Round "11"]
[White "Dubnevych, Maksym"]
[Black "Spyropoulos, Nikolaos"]
[Result "0-1"]
[WhiteTitle "FM"]
[BlackTitle "IM"]
[WhiteElo "2296"]
[BlackElo "2400"]
[WhiteFideId "14184001"]
[BlackFideId "4298977"]
[EventDate "2025.06.24"]

1. Nc3 d5 2. d4 Nf6 3. f3 c5 4. e4 dxe4 5. d5 exf3 6. Nxf3 Bg4 7. h3 Bxf3 8.
Qxf3 Nbd7 9. Bf4 g6 10. O-O-O Bg7 11. g4 O-O 12. h4 h5 13. gxh5 Nxh5 14. Bd2 b5
15. Be2 b4 16. Ne4 Ne5 17. Qh3 Qxd5 18. Bxh5 Qxa2 19. Bf4 Nc4 0-1

[Event "Titled Tue 24th Jun Late"]
[Site "chess.com INT"]
[Date "2025.06.24"]
[Round "11"]
[White "Yang, Larry"]
[Black "Soza de la Carrera, Jose"]
[Result "0-1"]
[BlackTitle "CM"]
[WhiteElo "2017"]
[BlackElo "2221"]
[WhiteFideId "2637618"]
[BlackFideId "3401278"]
[EventDate "2025.06.24"]

1. e4 c6 2. d4 d5 3. e5 c5 4. dxc5 e6 5. c3 Nd7 6. Nf3 Bxc5 7. Bd3 f6 8. exf6
Ngxf6 9. Nbd2 O-O 10. Nb3 Bd6 11. O-O Nc5 12. Nxc5 Bxc5 13. Re1 Bd7 14. Ng5 Qb6
15. Be3 Rae8 16. h3 e5 17. b4 Bxe3 18. Rxe3 e4 19. Bc2 h6 20. Nxe4 dxe4 21. Bxe4
Rxe4 22. Rxe4 Nxe4 23. Qxd7 Qxf2+ 24. Kh1 Ng3+ 25. Kh2 Nf1+ 26. Kh1 Ne3 27. Qxb7
Kh8 28. a4 Rf6 29. Rg1 Qg3 30. Qxa7 Ng4 31. Qa8+ Kh7 32. Qe4+ Rg6 33. Qxg4 Rxg4
34. a5 Rg6 35. b5 Qxc3 36. a6 Qa5 37. Rb1 Rb6 38. g4 Rxb5 39. Rg1 Qxa6 40. h4
Rb2 41. Rg2 Qf1+ 0-1

[Event "Titled Tue 24th Jun Late"]
[Site "chess.com INT"]
[Date "2025.06.24"]
[Round "11"]
[White "Linares Orellana, Hector Jose"]
[Black "Tikhonov, Viacheslav"]
[Result "0-1"]
[WhiteTitle "FM"]
[BlackTitle "CM"]
[WhiteElo "2111"]
[BlackElo "2183"]
[WhiteFideId "7304307"]
[BlackFideId "44196407"]
[EventDate "2025.06.24"]

1. e4 c5 2. Nf3 Nc6 3. Bb5 Nd4 4. Nxd4 cxd4 5. O-O a6 6. Ba4 e6 7. d3 Bc5 8. f4
Ne7 9. Nd2 f5 10. Kh1 b5 11. Bb3 O-O 12. Nf3 Bb7 13. Qe2 Kh8 14. c3 Nc6 15. exf5
Rxf5 16. Ng5 h6 17. Ne4 Ba7 18. Bd2 Qe7 19. Rae1 Raf8 20. Ng3 Qh4 21. Nxf5 Rxf5
22. Rf3 Ne7 23. Rh3 Qxh3 24. Kg1 dxc3+ 25. Kf1 Qxh2 26. Be3 Rxf4+ 27. Bxf4 Qg1# 0-1